[Event "DVM U20 2022"]
[Site "Münster GER"]
[Date "2022.12.28"]
[Round "3"]
[White "Woelk, Tom-Frederic"]
[Black "Meiwes, Thore"]
[Result "1-0"]
[Termination "normal"]
[Board "1.2"]
[WhiteTitle "FM"]
[WhiteElo "2281"]
[BlackElo "2081"]
[WhiteClock "00:08:07"]
[BlackClock "00:02:01"]
[WhiteTeam "Hamburger SK von 1830 eV"]
[BlackTeam "SK Lehrte von 1919 e. V."]
[PlyCount "71"]
[WhiteFideId "12993077"]
[BlackFideId "16201256"]
[EventCountry "GER"]
[EventRounds "7"]
[EventType "team-swiss"]
[EventDate "2022.12.26"]

1. e4 {[%clk 01:30:57]} {[%emt 00:00:02]} c5 {[%clk 01:30:56]} {[%emt
00:00:04]} 2. Nf3 {[%clk 01:31:20]} {[%emt 00:00:07]} Nc6 {[%clk 01:31:23]}
{[%emt 00:00:03]} 3. d4 {[%clk 01:31:24]} {[%emt 00:00:27]} cxd4 {[%clk
01:31:49]} {[%emt 00:00:04]} 4. Nxd4 {[%clk 01:31:50]} {[%emt 00:00:04]} g6
{[%clk 01:32:17]} {[%emt 00:00:02]} 5. Nc3 {[%clk 01:29:28]} {[%emt 00:02:52]}
Bg7 {[%clk 01:32:42]} {[%emt 00:00:05]} 6. Be3 {[%clk 01:29:48]} {[%emt
00:00:10]} Nf6 {[%clk 01:33:09]} {[%emt 00:00:03]} 7. f3 {[%clk 01:21:10]}
{[%emt 00:09:08]} O-O {[%clk 01:33:22]} {[%emt 00:00:17]} 8. Qd2 {[%clk
01:20:10]} {[%emt 00:01:30]} d5 {[%clk 01:33:24]} {[%emt 00:00:29]} 9. Nxc6
{[%clk 01:16:42]} {[%emt 00:03:58]} bxc6 {[%clk 01:33:50]} {[%emt 00:00:04]}
10. e5 {[%clk 01:15:09]} {[%emt 00:02:02]} Nd7 {[%clk 01:34:17]} {[%emt
00:00:03]} 11. f4 {[%clk 01:15:35]} {[%emt 00:00:04]} e6 {[%clk 01:34:35]}
{[%emt 00:00:12]} 12. Be2 {[%clk 01:03:54]} {[%emt 00:12:11]} c5 {[%clk
01:33:03]} {[%emt 00:02:02]} 13. Bf2 {[%clk 01:01:46]} {[%emt 00:03:07]} Bb7
{[%clk 01:25:40]} {[%emt 00:07:24]} 14. O-O {[%clk 00:58:34]} {[%emt 00:03:42]}
f6 {[%clk 01:21:54]} {[%emt 00:04:15]} 15. exf6 {[%clk 00:51:13]} {[%emt
00:07:52]} Qxf6 {[%clk 01:16:48]} {[%emt 00:05:37]} 16. Bg4 {[%clk 00:49:46]}
{[%emt 00:01:57]} d4 {[%clk 00:59:02]} {[%emt 00:18:15]} 17. Nb5 {[%clk
00:46:11]} {[%emt 00:04:05]} Nb6 {[%clk 00:48:44]} {[%emt 00:10:48]} 18. Nc7
{[%clk 00:42:29]} {[%emt 00:04:13]} e5 {[%clk 00:48:53]} {[%emt 00:00:21]} 19.
Nxa8 {[%clk 00:42:10]} {[%emt 00:00:49]} Qc6 {[%clk 00:38:04]} {[%emt
00:11:18]} 20. Bf3 {[%clk 00:36:59]} {[%emt 00:05:41]} e4 {[%clk 00:38:16]}
{[%emt 00:00:18]} 21. Nxb6 {[%clk 00:37:06]} {[%emt 00:00:24]} axb6 {[%clk
00:38:32]} {[%emt 00:00:13]} 22. Bxe4 {[%clk 00:29:07]} {[%emt 00:08:29]} Qxe4
{[%clk 00:39:00]} {[%emt 00:00:02]} 23. Bg3 {[%clk 00:29:29]} {[%emt 00:00:09]}
c4 {[%clk 00:32:36]} {[%emt 00:06:52]} 24. Rae1 {[%clk 00:27:53]} {[%emt
00:02:07]} Qd5 {[%clk 00:32:38]} {[%emt 00:00:27]} 25. Kh1 {[%clk 00:19:10]}
{[%emt 00:09:14]} b5 {[%clk 00:24:36]} {[%emt 00:08:32]} 26. Rf2 {[%clk
00:17:24]} {[%emt 00:02:17]} Bf6 {[%clk 00:19:18]} {[%emt 00:05:47]} 27. f5
{[%clk 00:15:27]} {[%emt 00:02:27]} gxf5 {[%clk 00:17:27]} {[%emt 00:02:21]}
28. Qf4 {[%clk 00:15:10]} {[%emt 00:00:47]} d3 {[%clk 00:11:46]} {[%emt
00:06:11]} 29. cxd3 {[%clk 00:12:27]} {[%emt 00:03:14]} cxd3 {[%clk 00:11:07]}
{[%emt 00:01:08]} 30. Qxf5 {[%clk 00:10:32]} {[%emt 00:02:25]} Qxf5 {[%clk
00:03:07]} {[%emt 00:08:30]} 31. Rxf5 {[%clk 00:10:58]} {[%emt 00:00:04]} b4
{[%clk 00:03:36]} 32. Bd6 {[%clk 00:07:58]} {[%emt 00:03:30]} Rf7 {[%clk
00:01:53]} {[%emt 00:02:13]} 33. Bxb4 {[%clk 00:07:26]} {[%emt 00:01:02]} Bxb2
{[%clk 00:01:09]} {[%emt 00:01:14]} 34. Re8 {[%clk 00:07:16]} {[%emt 00:00:40]}
Kg7 {[%clk 00:01:37]} {[%emt 00:00:02]} 35. Rxf7 {[%clk 00:07:40]} {[%emt
00:00:07]} Kxf7 {[%clk 00:02:01]} {[%emt 00:00:06]} 36. Re7 {[%clk 00:08:07]}
{[%emt 00:00:02]} 1-0

[Event "DVM U20 2022"]
[Site "Münster GER"]
[Date "2022.12.28"]
[Round "3"]
[White "Reimer, Philip"]
[Black "Holinka, Henning"]
[Result "0-1"]
[Termination "normal"]
[Board "1.3"]
[WhiteElo "2144"]
[BlackElo "2256"]
[WhiteClock "00:00:34"]
[BlackClock "00:01:09"]
[WhiteTeam "SK Lehrte von 1919 e. V."]
[BlackTeam "Hamburger SK von 1830 eV"]
[PlyCount "86"]
[WhiteFideId "16235860"]
[BlackFideId "12967084"]
[EventCountry "GER"]
[EventRounds "7"]
[EventType "team-swiss"]
[EventDate "2022.12.26"]

1. e4 {[%clk 01:30:57]} {[%emt 00:00:02]} c5 {[%clk 01:30:55]} {[%emt
00:00:05]} 2. Nf3 {[%clk 01:31:18]} {[%emt 00:00:09]} d6 {[%clk 01:31:11]}
{[%emt 00:00:14]} 3. d4 {[%clk 01:31:43]} {[%emt 00:00:06]} cxd4 {[%clk
01:31:35]} {[%emt 00:00:05]} 4. Nxd4 {[%clk 01:32:09]} {[%emt 00:00:04]} Nf6
{[%clk 01:31:57]} {[%emt 00:00:08]} 5. Nc3 {[%clk 01:32:34]} {[%emt 00:00:05]}
a6 {[%clk 01:32:24]} {[%emt 00:00:03]} 6. f4 {[%clk 01:33:00]} {[%emt
00:00:05]} e5 {[%clk 01:26:35]} {[%emt 00:06:19]} 7. Nb3 {[%clk 01:33:23]}
{[%emt 00:00:06]} Qc7 {[%clk 01:16:27]} {[%emt 00:10:37]} 8. Be2 {[%clk
01:33:42]} {[%emt 00:00:12]} Be6 {[%clk 01:10:47]} {[%emt 00:06:10]} 9. g4
{[%clk 01:34:03]} {[%emt 00:00:10]} b5 {[%clk 00:59:29]} {[%emt 00:11:47]} 10.
a3 {[%clk 01:02:54]} {[%emt 00:31:39]} h6 {[%clk 00:37:22]} {[%emt 00:22:38]}
11. g5 {[%clk 00:44:49]} {[%emt 00:18:35]} hxg5 {[%clk 00:35:01]} {[%emt
00:02:51]} 12. fxg5 {[%clk 00:45:10]} {[%emt 00:00:09]} Nfd7 {[%clk 00:34:12]}
{[%emt 00:01:17]} 13. Bg4 {[%clk 00:43:07]} {[%emt 00:02:34]} Rh4 {[%clk
00:25:20]} {[%emt 00:09:23]} 14. Bxe6 {[%clk 00:40:56]} {[%emt 00:02:41]} fxe6
{[%clk 00:25:48]} {[%emt 00:00:02]} 15. Qf3 {[%clk 00:36:44]} {[%emt 00:04:41]}
Nc6 {[%clk 00:19:55]} {[%emt 00:06:22]} 16. Qg3 {[%clk 00:35:49]} {[%emt
00:01:26]} Rh8 {[%clk 00:15:50]} {[%emt 00:04:35]} 17. Be3 {[%clk 00:32:31]}
{[%emt 00:03:47]} O-O-O {[%clk 00:14:39]} {[%emt 00:01:41]} 18. O-O {[%clk
00:28:31]} {[%emt 00:04:31]} Re8 {[%clk 00:11:09]} {[%emt 00:04:00]} 19. Qg4
{[%clk 00:17:01]} {[%emt 00:12:00]} Kb8 {[%clk 00:08:56]} {[%emt 00:02:43]} 20.
Rad1 {[%clk 00:11:59]} {[%emt 00:05:33]} Nb6 {[%clk 00:08:24]} {[%emt
00:01:01]} 21. Bxb6 {[%clk 00:09:53]} {[%emt 00:02:35]} Qxb6 {[%clk 00:08:49]}
{[%emt 00:00:06]} 22. Kg2 {[%clk 00:09:15]} {[%emt 00:01:08]} b4 {[%clk
00:06:11]} {[%emt 00:03:07]} 23. axb4 {[%clk 00:07:23]} {[%emt 00:02:23]} Nxb4
{[%clk 00:05:59]} {[%emt 00:00:42]} 24. Rd2 {[%clk 00:05:09]} {[%emt 00:02:44]}
Nxc2 {[%clk 00:04:00]} {[%emt 00:02:29]} 25. Rxc2 {[%clk 00:04:37]} {[%emt
00:01:01]} Qxb3 {[%clk 00:04:25]} {[%emt 00:00:06]} 26. Rd2 {[%clk 00:03:23]}
{[%emt 00:01:44]} Qc4 {[%clk 00:02:42]} {[%emt 00:02:13]} 27. Ra1 {[%clk
00:02:57]} {[%emt 00:00:56]} d5 {[%clk 00:01:48]} {[%emt 00:01:24]} 28. Ra4
{[%clk 00:02:34]} {[%emt 00:00:52]} Bb4 {[%clk 00:01:53]} {[%emt 00:00:25]} 29.
Qg3 {[%clk 00:03:03]} {[%emt 00:00:02]} Ref8 {[%clk 00:01:25]} {[%emt
00:00:58]} 30. Rxb4 {[%clk 00:01:22]} {[%emt 00:02:11]} Qxb4 {[%clk 00:01:50]}
{[%emt 00:00:05]} 31. Qxe5 {[%clk 00:01:48]} {[%emt 00:00:04]} Ka7 {[%clk
00:00:55]} {[%emt 00:01:25]} 32. Qxg7 {[%clk 00:00:41]} {[%emt 00:01:37]} Ka8
{[%clk 00:01:07]} {[%emt 00:00:18]} 33. Qd7 {[%clk 00:00:37]} {[%emt 00:00:34]}
Qc4 {[%clk 00:00:56]} {[%emt 00:00:41]} 34. Rd1 {[%clk 00:00:32]} {[%emt
00:00:34]} dxe4 {[%clk 00:00:52]} {[%emt 00:00:34]} 35. g6 {[%clk 00:00:31]}
{[%emt 00:00:32]} e3 {[%clk 00:00:55]} {[%emt 00:00:27]} 36. Qd4 {[%clk
00:00:34]} {[%emt 00:00:27]} Rf2 {[%clk 00:00:34]} {[%emt 00:00:50]} 37. Kg3
{[%clk 00:00:36]} {[%emt 00:00:29]} Qxd4 {[%clk 00:00:44]} {[%emt 00:00:20]}
38. Rxd4 {[%clk 00:01:00]} {[%emt 00:00:07]} Rhxh2 {[%clk 00:00:59]} {[%emt
00:00:15]} 39. Re4 {[%clk 00:00:50]} {[%emt 00:00:39]} Rhg2 {[%clk 00:00:41]}
{[%emt 00:00:48]} 40. Kh3 {[%clk 00:01:02]} {[%emt 00:00:18]} Rxg6 {[%clk
00:00:48]} {[%emt 00:00:23]} 41. Rxe3 {[%clk 00:01:06]} {[%emt 00:00:26]} Rxb2
{[%clk 00:01:10]} {[%emt 00:00:08]} 42. Ne4 {[%clk 00:00:46]} {[%emt 00:00:49]}
Rb8 {[%clk 00:01:09]} {[%emt 00:00:31]} 43. Nc5 {[%clk 00:00:34]} {[%emt
00:00:43]} Rh8# {[%emt 00:00:05]} 0-1

[Event "DVM U20 2022"]
[Site "Münster GER"]
[Date "2022.12.28"]
[Round "3"]
[White "Weihrauch, Jakob"]
[Black "Dornieden, Jonas"]
[Result "1-0"]
[Termination "normal"]
[Board "1.4"]
[WhiteElo "2214"]
[BlackElo "2073"]
[WhiteClock "00:04:11"]
[BlackClock "00:03:14"]
[WhiteTeam "Hamburger SK von 1830 eV"]
[BlackTeam "SK Lehrte von 1919 e. V."]
[PlyCount "86"]
[WhiteFideId "16210115"]
[BlackFideId "1336460"]
[EventCountry "GER"]
[EventRounds "7"]
[EventType "team-swiss"]
[EventDate "2022.12.26"]

1. e4 {[%clk 01:30:57]} {[%emt 00:00:03]} e6 {[%clk 01:30:54]} {[%emt
00:00:06]} 2. d4 {[%clk 01:30:55]} {[%emt 00:00:32]} d5 {[%clk 01:31:19]}
{[%emt 00:00:05]} 3. Bd3 {[%clk 01:30:18]} {[%emt 00:01:06]} dxe4 {[%clk
01:31:16]} {[%emt 00:00:34]} 4. Bxe4 {[%clk 01:30:43]} {[%emt 00:00:05]} Nf6
{[%clk 01:31:41]} {[%emt 00:00:05]} 5. Bf3 {[%clk 01:31:08]} {[%emt 00:00:05]}
c5 {[%clk 01:32:05]} {[%emt 00:00:07]} 6. Ne2 {[%clk 01:31:33]} {[%emt
00:00:04]} Nc6 {[%clk 01:32:29]} {[%emt 00:00:07]} 7. Be3 {[%clk 01:31:55]}
{[%emt 00:00:08]} cxd4 {[%clk 01:32:47]} {[%emt 00:00:11]} 8. Nxd4 {[%clk
01:32:06]} {[%emt 00:00:18]} Ne5 {[%clk 01:32:58]} {[%emt 00:00:20]} 9. Nc3
{[%clk 01:32:01]} {[%emt 00:00:35]} Be7 {[%clk 01:32:06]} {[%emt 00:01:23]} 10.
Qe2 {[%clk 01:31:29]} {[%emt 00:01:02]} Nxf3 {[%clk 01:25:00]} {[%emt
00:07:35]} 11. Qxf3 {[%clk 01:31:29]} {[%emt 00:00:31]} O-O {[%clk 01:17:54]}
{[%emt 00:07:35]} 12. O-O-O {[%clk 01:30:15]} {[%emt 00:01:44]} Qa5 {[%clk
01:16:03]} {[%emt 00:02:20]} 13. Rhe1 {[%clk 01:22:12]} {[%emt 00:08:35]} Rd8
{[%clk 01:03:07]} {[%emt 00:13:26]} 14. Nb3 {[%clk 01:15:33]} {[%emt 00:07:07]}
Rxd1 {[%clk 01:02:02]} {[%emt 00:01:37]} 15. Rxd1 {[%clk 01:14:25]} {[%emt
00:01:37]} Qc7 {[%clk 00:56:21]} {[%emt 00:06:10]} 16. Nb5 {[%clk 00:52:31]}
{[%emt 00:22:24]} Qc4 {[%clk 00:39:18]} {[%emt 00:17:34]} 17. Nd6 {[%clk
00:47:03]} {[%emt 00:05:57]} Qc7 {[%clk 00:27:22]} {[%emt 00:12:27]} 18. Bc5
{[%clk 00:35:11]} {[%emt 00:12:22]} Bd7 {[%clk 00:19:34]} {[%emt 00:08:19]} 19.
Qxb7 {[%clk 00:29:22]} {[%emt 00:06:17]} Qxb7 {[%clk 00:19:02]} {[%emt
00:01:02]} 20. Nxb7 {[%clk 00:29:45]} {[%emt 00:00:07]} Bc6 {[%clk 00:17:30]}
{[%emt 00:02:02]} 21. Bxe7 {[%clk 00:27:47]} {[%emt 00:02:25]} Bxb7 {[%clk
00:17:34]} {[%emt 00:00:30]} 22. f3 {[%clk 00:21:06]} {[%emt 00:07:11]} Nd5
{[%clk 00:17:21]} {[%emt 00:00:43]} 23. Bc5 {[%clk 00:21:05]} {[%emt 00:00:30]}
h5 {[%clk 00:15:00]} {[%emt 00:02:52]} 24. Rd4 {[%clk 00:18:25]} {[%emt
00:03:09]} e5 {[%clk 00:13:30]} {[%emt 00:02:01]} 25. Ra4 {[%clk 00:17:06]}
{[%emt 00:01:49]} Nf4 {[%clk 00:13:53]} {[%emt 00:00:06]} 26. Rxa7 {[%clk
00:13:07]} {[%emt 00:04:29]} Rxa7 {[%clk 00:13:30]} {[%emt 00:00:54]} 27. Bxa7
{[%clk 00:13:30]} {[%emt 00:00:08]} Nxg2 {[%clk 00:13:57]} {[%emt 00:00:02]}
28. Nd2 {[%clk 00:13:10]} {[%emt 00:00:48]} Ne1 {[%clk 00:10:02]} {[%emt
00:04:26]} 29. b4 {[%clk 00:11:56]} {[%emt 00:01:44]} Bc6 {[%clk 00:07:35]}
{[%emt 00:02:58]} 30. Bf2 {[%clk 00:07:03]} {[%emt 00:05:21]} Nxf3 {[%clk
00:07:57]} {[%emt 00:00:10]} 31. Nxf3 {[%clk 00:07:25]} {[%emt 00:00:08]} Bxf3
{[%clk 00:08:24]} {[%emt 00:00:03]} 32. a4 {[%clk 00:07:02]} {[%emt 00:00:53]}
Kf8 {[%clk 00:07:56]} {[%emt 00:00:58]} 33. b5 {[%clk 00:04:47]} {[%emt
00:02:45]} Ke7 {[%clk 00:08:11]} {[%emt 00:00:15]} 34. Kd2 {[%clk 00:04:13]}
{[%emt 00:01:03]} Kd7 {[%clk 00:05:47]} {[%emt 00:02:54]} 35. a5 {[%clk
00:04:17]} {[%emt 00:00:26]} g5 {[%clk 00:04:50]} {[%emt 00:01:28]} 36. a6
{[%clk 00:03:47]} {[%emt 00:00:59]} f5 {[%clk 00:02:36]} {[%emt 00:02:45]} 37.
b6 {[%clk 00:04:03]} {[%emt 00:00:13]} g4 {[%clk 00:00:38]} {[%emt 00:02:28]}
38. b7 {[%clk 00:04:07]} {[%emt 00:00:27]} Kc7 {[%clk 00:01:04]} {[%emt
00:00:03]} 39. Bb6 {[%clk 00:04:08]} {[%emt 00:00:28]} Kb8 {[%clk 00:01:30]}
{[%emt 00:00:05]} 40. Bc5 {[%clk 00:04:16]} {[%emt 00:00:20]} Bxb7 {[%clk
00:01:55]} {[%emt 00:00:08]} 41. Bd6 {[%clk 00:03:48]} {[%emt 00:00:57]} Ka7
{[%clk 00:02:21]} {[%emt 00:00:05]} 42. axb7 {[%clk 00:03:49]} {[%emt
00:00:29]} Kxb7 {[%clk 00:02:46]} {[%emt 00:00:05]} 43. Bxe5 {[%clk 00:04:11]}
{[%emt 00:00:07]} h4 {[%clk 00:03:14]} {[%emt 00:00:03]} 1-0

[Event "DVM U20 2022"]
[Site "Münster GER"]
[Date "2022.12.28"]
[Round "3"]
[White "Weigand, Anton"]
[Black "Engel, Robert"]
[Result "1-0"]
[Termination "normal"]
[Board "1.5"]
[WhiteElo "1948"]
[BlackElo "2141"]
[WhiteClock "00:04:38"]
[BlackClock "00:01:10"]
[WhiteTeam "SK Lehrte von 1919 e. V."]
[BlackTeam "Hamburger SK von 1830 eV"]
[PlyCount "73"]
[WhiteFideId "16221915"]
[BlackFideId "12974684"]
[EventCountry "GER"]
[EventRounds "7"]
[EventType "team-swiss"]
[EventDate "2022.12.26"]

1. e4 {[%clk 01:30:57]} {[%emt 00:00:03]} c5 {[%clk 01:30:51]} {[%emt
00:00:09]} 2. Nf3 {[%clk 01:31:15]} {[%emt 00:00:11]} Nc6 {[%clk 01:31:14]}
{[%emt 00:00:07]} 3. d4 {[%clk 01:31:35]} {[%emt 00:00:11]} cxd4 {[%clk
01:31:38]} {[%emt 00:00:06]} 4. Nxd4 {[%clk 01:32:00]} {[%emt 00:00:05]} Nf6
{[%clk 01:32:03]} {[%emt 00:00:05]} 5. Nc3 {[%clk 01:32:15]} {[%emt 00:00:14]}
e5 {[%clk 01:32:21]} {[%emt 00:00:12]} 6. Ndb5 {[%clk 01:32:30]} {[%emt
00:00:15]} d6 {[%clk 01:32:43]} {[%emt 00:00:08]} 7. Nd5 {[%clk 01:29:41]}
{[%emt 00:03:20]} Nxd5 {[%clk 01:33:00]} {[%emt 00:00:13]} 8. exd5 {[%clk
01:30:05]} {[%emt 00:00:06]} Nb8 {[%clk 01:33:24]} {[%emt 00:00:07]} 9. c4
{[%clk 01:26:07]} {[%emt 00:04:28]} a6 {[%clk 01:33:15]} {[%emt 00:00:38]} 10.
Qa4 {[%clk 01:26:16]} {[%emt 00:00:21]} Bd7 {[%clk 01:25:17]} {[%emt 00:08:28]}
11. Qa3 {[%clk 01:24:11]} {[%emt 00:02:35]} Bxb5 {[%clk 01:22:33]} {[%emt
00:03:14]} 12. cxb5 {[%clk 01:24:38]} {[%emt 00:00:03]} a5 {[%clk 01:19:37]}
{[%emt 00:03:27]} 13. b6 {[%clk 01:17:21]} {[%emt 00:07:47]} Be7 {[%clk
00:58:57]} {[%emt 00:21:09]} 14. Bb5 {[%clk 00:53:39]} {[%emt 00:24:12]} Kf8
{[%clk 00:58:40]} {[%emt 00:00:47]} 15. Be3 {[%clk 00:51:41]} {[%emt 00:02:28]}
f5 {[%clk 00:43:38]} {[%emt 00:15:30]} 16. f3 {[%clk 00:28:20]} {[%emt
00:23:52]} Nd7 {[%clk 00:40:50]} {[%emt 00:03:18]} 17. Bxd7 {[%clk 00:28:26]}
{[%emt 00:00:24]} Qxd7 {[%clk 00:41:18]} {[%emt 00:00:03]} 18. O-O {[%clk
00:27:49]} {[%emt 00:01:07]} f4 {[%clk 00:31:07]} {[%emt 00:10:40]} 19. Bf2
{[%clk 00:27:36]} {[%emt 00:00:43]} h5 {[%clk 00:28:10]} {[%emt 00:03:27]} 20.
Rac1 {[%clk 00:23:52]} {[%emt 00:04:14]} Bd8 {[%clk 00:27:36]} {[%emt
00:01:04]} 21. Rfe1 {[%clk 00:15:49]} {[%emt 00:08:33]} Kg8 {[%clk 00:20:02]}
{[%emt 00:08:04]} 22. Rc4 {[%clk 00:10:31]} {[%emt 00:05:48]} Rh6 {[%clk
00:18:59]} {[%emt 00:01:33]} 23. Qd3 {[%clk 00:10:07]} {[%emt 00:00:54]} g5
{[%clk 00:09:10]} {[%emt 00:10:19]} 24. Rec1 {[%clk 00:08:47]} {[%emt
00:01:50]} Rf6 {[%clk 00:07:08]} {[%emt 00:02:32]} 25. Qc2 {[%clk 00:08:09]}
{[%emt 00:01:09]} Kf8 {[%clk 00:04:58]} {[%emt 00:02:40]} 26. Rc8 {[%clk
00:04:10]} {[%emt 00:04:29]} Rxc8 {[%clk 00:05:09]} {[%emt 00:00:19]} 27. Qxc8
{[%clk 00:04:39]} Qxc8 {[%clk 00:02:53]} {[%emt 00:02:46]} 28. Rxc8 {[%clk
00:05:08]} {[%emt 00:00:01]} Ke8 {[%clk 00:03:12]} {[%emt 00:00:11]} 29. Ra8
{[%clk 00:05:23]} {[%emt 00:00:15]} Rf7 {[%clk 00:02:37]} {[%emt 00:01:05]} 30.
Rxa5 {[%clk 00:05:22]} {[%emt 00:00:31]} Rd7 {[%clk 00:02:15]} {[%emt
00:00:52]} 31. Ra7 {[%clk 00:03:56]} {[%emt 00:01:56]} g4 {[%clk 00:01:40]}
{[%emt 00:01:05]} 32. a4 {[%clk 00:03:54]} {[%emt 00:00:31]} g3 {[%clk
00:01:10]} {[%emt 00:01:01]} 33. hxg3 {[%clk 00:04:16]} {[%emt 00:00:08]} fxg3
{[%clk 00:01:38]} {[%emt 00:00:02]} 34. Be3 {[%clk 00:04:26]} {[%emt 00:00:19]}
h4 {[%clk 00:01:12]} {[%emt 00:00:56]} 35. a5 {[%clk 00:04:02]} {[%emt
00:00:55]} Bf6 {[%clk 00:00:52]} {[%emt 00:00:50]} 36. a6 {[%clk 00:04:14]}
{[%emt 00:00:18]} bxa6 {[%clk 00:01:10]} {[%emt 00:00:11]} 37. b7 {[%clk
00:04:38]} {[%emt 00:00:07]} 1-0

[Event "DVM U20 2022"]
[Site "Münster GER"]
[Date "2022.12.28"]
[Round "3"]
[White "Kotyk, Michael"]
[Black "Kieselbach, Jannik"]
[Result "1-0"]
[Termination "normal"]
[Board "1.6"]
[WhiteElo "2032"]
[BlackElo "1854"]
[WhiteClock "00:31:04"]
[BlackClock "00:00:45"]
[WhiteTeam "Hamburger SK von 1830 eV"]
[BlackTeam "SK Lehrte von 1919 e. V."]
[PlyCount "87"]
[WhiteFideId "16214501"]
[BlackFideId "16246403"]
[EventCountry "GER"]
[EventRounds "7"]
[EventType "team-swiss"]
[EventDate "2022.12.26"]

1. e4 {[%clk 01:30:57]} {[%emt 00:00:02]} c5 {[%clk 01:30:52]} {[%emt
00:00:08]} 2. Nc3 {[%clk 01:31:21]} {[%emt 00:00:06]} Nc6 {[%clk 01:31:16]}
{[%emt 00:00:06]} 3. f4 {[%clk 01:31:44]} {[%emt 00:00:08]} g6 {[%clk
01:31:20]} {[%emt 00:00:25]} 4. Nf3 {[%clk 01:32:07]} {[%emt 00:00:07]} Bg7
{[%clk 01:31:41]} {[%emt 00:00:09]} 5. Bc4 {[%clk 01:31:43]} {[%emt 00:00:54]}
e6 {[%clk 01:31:31]} {[%emt 00:00:40]} 6. f5 {[%clk 01:32:08]} {[%emt
00:00:05]} Nge7 {[%clk 01:29:44]} {[%emt 00:02:18]} 7. fxe6 {[%clk 01:31:59]}
{[%emt 00:00:39]} dxe6 {[%clk 01:29:38]} {[%emt 00:00:35]} 8. d3 {[%clk
01:30:43]} {[%emt 00:01:46]} O-O {[%clk 01:27:00]} {[%emt 00:03:09]} 9. a4
{[%clk 01:27:22]} {[%emt 00:03:51]} Ne5 {[%clk 01:21:23]} {[%emt 00:06:06]} 10.
Nxe5 {[%clk 01:26:29]} {[%emt 00:01:23]} Bxe5 {[%clk 01:21:43]} {[%emt
00:00:10]} 11. O-O {[%clk 01:23:47]} {[%emt 00:03:11]} Qc7 {[%clk 01:16:47]}
{[%emt 00:05:27]} 12. Bh6 {[%clk 01:22:02]} {[%emt 00:02:15]} Bxh2 {[%clk
01:03:33]} {[%emt 00:13:43]} 13. Kh1 {[%clk 01:22:31]} {[%emt 00:00:02]} Rd8
{[%clk 01:02:31]} {[%emt 00:01:32]} 14. Qf3 {[%clk 01:22:07]} {[%emt 00:00:54]}
f5 {[%clk 01:02:42]} {[%emt 00:00:19]} 15. Qh3 {[%clk 01:21:53]} {[%emt
00:00:44]} Be5 {[%clk 01:00:23]} {[%emt 00:02:49]} 16. exf5 {[%clk 01:20:32]}
{[%emt 00:01:51]} Nxf5 {[%clk 00:48:52]} {[%emt 00:12:00]} 17. Ne4 {[%clk
01:17:21]} {[%emt 00:03:42]} Nxh6 {[%clk 00:43:51]} {[%emt 00:05:31]} 18. Qxh6
{[%clk 01:17:17]} {[%emt 00:00:34]} Bg7 {[%clk 00:14:07]} {[%emt 00:30:14]} 19.
Qh4 {[%clk 01:11:40]} {[%emt 00:06:07]} Re8 {[%clk 00:08:20]} {[%emt 00:06:18]}
20. Rf3 {[%clk 01:02:53]} {[%emt 00:09:16]} Bd7 {[%clk 00:07:12]} {[%emt
00:01:38]} 21. Raf1 {[%clk 00:49:06]} {[%emt 00:14:16]} Qe5 {[%clk 00:04:02]}
{[%emt 00:03:41]} 22. Rh3 {[%clk 00:39:36]} {[%emt 00:10:00]} h6 {[%clk
00:03:35]} {[%emt 00:00:57]} 23. Nf6 {[%clk 00:39:21]} {[%emt 00:00:45]} Bxf6
{[%clk 00:03:42]} {[%emt 00:00:23]} 24. Qxh6 {[%clk 00:35:40]} {[%emt
00:04:10]} Re7 {[%clk 00:03:39]} {[%emt 00:00:33]} 25. Qxg6 {[%clk 00:35:55]}
{[%emt 00:00:15]} Rg7 {[%clk 00:03:44]} {[%emt 00:00:25]} 26. Qxf6 {[%clk
00:36:23]} {[%emt 00:00:03]} Qxf6 {[%clk 00:03:09]} {[%emt 00:01:05]} 27. Rxf6
{[%clk 00:35:49]} {[%emt 00:01:04]} Re8 {[%clk 00:03:01]} {[%emt 00:00:38]} 28.
Rhh6 {[%clk 00:35:19]} {[%emt 00:01:00]} Rge7 {[%clk 00:01:59]} {[%emt
00:01:32]} 29. Kh2 {[%clk 00:33:04]} {[%emt 00:02:44]} Kg7 {[%clk 00:01:38]}
{[%emt 00:00:51]} 30. Kg3 {[%clk 00:33:06]} {[%emt 00:00:28]} Bxa4 {[%clk
00:01:02]} {[%emt 00:01:08]} 31. Bxe6 {[%clk 00:32:54]} {[%emt 00:00:41]} Rxe6
{[%clk 00:00:42]} {[%emt 00:00:50]} 32. Rhg6 {[%clk 00:33:00]} {[%emt
00:00:23]} Kh7 {[%clk 00:01:06]} {[%emt 00:00:07]} 33. Rxe6 {[%clk 00:33:26]}
{[%emt 00:00:05]} Rd8 {[%clk 00:01:27]} {[%emt 00:00:08]} 34. Rd6 {[%clk
00:33:01]} {[%emt 00:00:55]} Re8 {[%clk 00:01:27]} {[%emt 00:00:30]} 35. b3
{[%clk 00:31:50]} {[%emt 00:01:41]} Bc6 {[%clk 00:01:20]} {[%emt 00:00:36]} 36.
Rde6 {[%clk 00:31:04]} {[%emt 00:01:15]} Rc8 {[%clk 00:01:19]} {[%emt
00:00:32]} 37. Kf4 {[%clk 00:29:49]} {[%emt 00:01:45]} Rf8 {[%clk 00:01:23]}
{[%emt 00:00:26]} 38. Rgf6 {[%clk 00:30:18]} {[%emt 00:00:01]} Rd8 {[%clk
00:01:26]} {[%emt 00:00:27]} 39. g4 {[%clk 00:29:01]} {[%emt 00:01:48]} Rd4
{[%clk 00:01:25]} {[%emt 00:00:31]} 40. Kg5 {[%clk 00:29:29]} {[%emt 00:00:02]}
Bd7 {[%clk 00:01:07]} {[%emt 00:00:47]} 41. Re7 {[%clk 00:29:51]} {[%emt
00:00:09]} Kg8 {[%clk 00:01:27]} {[%emt 00:00:10]} 42. Re4 {[%clk 00:30:13]}
{[%emt 00:00:07]} Rd5 {[%clk 00:00:57]} {[%emt 00:01:01]} 43. Kg6 {[%clk
00:30:41]} {[%emt 00:00:02]} Bc6 {[%clk 00:00:45]} {[%emt 00:00:42]} 44. Rxc6
{[%clk 00:31:04]} {[%emt 00:00:07]} 1-0